=LDR 00000nam 2200000 4500 =001 INLIS000000000013455 =005 20130612104839 =008 ***********************************Ind** =035 ##$$a0010-061300000013455 =041 ##$$a Ind =082 ##$$a 331.110 68 =090 ##$$a 331.110 68, Bar m =100 ##$$a Barthos, basier =245 ##$$a Manajemen sumber daya manusia, Suatu pendekatan makro =260 ##$$a 1999 $b Jakarta =300 ##$$a x, 323 hlm, 21 cm =650 ##$$a Tenaga kerja - manajemen =850 ##$$a NBPNMAT =990 ##$$a 91725/BPAP-NTB/2014